[Event "North American-ch U20"]
[Site "Kitchener"]
[Date "2015.07.30"]
[Round "8"]
[White "Sohal, Tanraj"]
[Black "Ghatti, Sanjay"]
[Result "1-0"]
[WhiteElo "2263"]
[BlackElo "2182"]
[PlyCount "131"]
[EventDate "2015.07.26"]
[EventType "swiss"]
[EventRounds "9"]
[EventCountry "CAN"]
[SourceTitle "EXT 2019"]
[Source "ChessBase"]
[SourceDate "2018.10.10"]
[SourceVersion "1"]
[SourceVersionDate "2018.10.10"]
[SourceQuality "1"]

1. d4 d5 2. c4 e6 3. Nf3 Nf6 4. g3 Be7 5. Bg2 0-0 6. 0-0 dxc4 7. Ne5 Nc6 8. Bxc6 bxc6 9. Nxc6 Qe8 10. Nxe7+ Qxe7 11. Qa4 e5 12. dxe5 Qxe5 13. Nc3 Be6 14. Bf4 Qc5 15. Rad1 Rab8 16. Rd2 a5 17. e4 Rfd8 18. Rfd1 Rxd2 19. Rxd2 h6 20. Qc2 Re8 21. Kg2 Qh5 22. f3 Bh3+ 23. Kf2 Be6 24. g4 Qc5+ 25. Kg2 c6 26. h3 Qb6 27. Qd1 Re7 28. Na4 Qb5 29. Rd8+ Kh7 30. Qc2 g6 31. Rb8 Rb7 32. Rxb7 Qxb7 33. Qc3 Nd7 34. Qxa5 g5 35. Bd2 Qb8 36. Bc3 Qf4 37. Nb6 Nf8 38. Qe5 Qxe5 39. Bxe5 Nd7 40. Nxd7 Bxd7 41. Bf6 Kg6 42. e5 Be6 43. a4 Bd5 44. Kg3 h5 45. gxh5+ Kxh5 46. f4 gxf4+ 47. Kxf4 Bg2 48. h4 c5 49. a5 Bb7 50. Be7 Bc6 51. Kg3 Kg6 52. Bxc5 Kf5 53. Bd4 Bb7 54. Bc3 Bc6 55. Kf2 Kf4 56. Ke2 Bf3+ 57. Kd2 Kg4 58. Ke3 Bg2 59. Be1 Bf1 60. Ke4 Bd3+ 61. Kd4 Bf1 62. Kc5 Kf3 63. Bc3 Kg4 64. a6 Bg2 65. a7 Kxh4 66. Kb6 1-0